[Event "32nd GER-ch Seniors-50 2020"]
[Site "Magdeburg"]
[Date "2020.08.22"]
[Round "9.4"]
[White "Metz, Hartmut"]
[Black "Schatz, Christian"]
[Result "1/2-1/2"]
[WhiteElo "2209"]
[BlackElo "2150"]
[Annotator "TA"]
[PlyCount "54"]
[EventDate "2020.08.14"]
[EventType "swiss"]
[EventCountry "GER"]
[SourceTitle "playchess.com"]
[Source "ChessBase"]
[SourceQuality "1"]

{[%evp 25,54,36,49,23,27,22,19,20,18,16,26,7,27,1,12,-6,0,-37,-14,-24,-19,-169,-159,-145,-146,-143,-121,-148,-47,-63,-69]} 1. e4 c5 2. Nf3 Nc6 3. d4 cxd4 4. Nxd4 g6 5. c4 Bg7 6. Be3 Nf6 7. Nc3 O-O 8. Be2 d6 9. O-O Nxd4 10. Bxd4 Bd7 11. f3 a5 12. Rc1 Bc6 13. Kh1 Nd7 14. Bxg7 {B38: Sicilian: Maroczy Bind with 5...Bg7 and 7...0-0.} Kxg7 15. Qd4+ Kg8 16. f4 {The position is equal.} Qb6 17. Qd2 Nc5 18. Bf3 {[#]} Rac8 $146 ({Predecessor:} 18... Qb4 19. b3 a4 20. Bd1 axb3 21. axb3 Ra3 22. f5 Nxb3 23. Bxb3 Rxb3 24. Rf3 Qc5 {1-0 (37) Aboudi,M (2176)-Mansour,S (2255) Amman 2009}) 19. Rfe1 Qb4 20. Bg4 Rcd8 21. Rc2 Rfe8 $36 {[%mdl 2048] Black has good play.} 22. f5 (22. Nd5 $5 {[%cal Rd5b4]} Bxd5 23. exd5 $11) 22... Qxc4 23. f6 (23. Be2 $11 {and White has nothing to worry.} Qb4 24. a3) 23... Qd3 $19 24. Qf2 exf6 {[%cal Rc5e4]} ({Not} 24... Bxe4 25. Rd2 $14) ({Stronger than} 24... Nxe4 25. Nxe4 Bxe4 26. Rd2 $16) 25. Rd2 Qa6 {...Nd3 is the strong threat.} 26. Qxf6 Nd7 ({Better is} 26... Nxe4 $17 27. Nxe4 Bxe4 28. Rxe4 Rxe4 29. Qxd8+ Kg7) 27. Bxd7 Rxd7 {Accuracy: White = 65%, Black = 81%.} 1/2-1/2

[Event "32nd GER-ch Seniors-50 2020"]
[Site "Magdeburg"]
[Date "2020.08.22"]
[Round "9.5"]
[White "Koehler, Gerhard"]
[Black "Namyslo, Holger"]
[Result "1-0"]
[WhiteElo "2213"]
[BlackElo "2149"]
[Annotator "TA"]
[PlyCount "173"]
[EventDate "2020.08.14"]
[EventType "swiss"]
[EventCountry "GER"]
[SourceTitle "playchess.com"]
[Source "ChessBase"]
[SourceQuality "1"]

{[%evp 20,173,18,20,13,0,14,-26,0,-8,0,0,18,19,47,48,69,59,239,219,225,225,241,233,218,225,261,204,273,213,209,214,215,208,212,213,233,210,219,0,229,0,217,197,175,182,183,185,260,252,251,163,164,164,157,164,227,206,231,216,239,227,252,213,243,243,249,252,283,280,270,273,275,284,281,283,303,272,275,275,280,271,276,270,310,298,324,324,308,308,317,310,307,294,352,339,330,293,350,339,409,402,413,418,450,450,512,454,601,485,612,568,666,629,1227,1190,1172,1104,1216,1172,1277,1056,1018,776,823,793,1459,1403,1079,1013,12789,12810,1939,925,945,917,12832,29955,29986,29987,29987,29988,29991,29992,29993,29994,29994,29985,29982,29976,29976,29977,29975,29975,29978,29975]} 1. c4 e5 2. g3 Nf6 3. Bg2 d5 4. cxd5 Nxd5 5. Nc3 Nb6 6. Nf3 Nc6 7. O-O Be7 8. Rb1 a5 9. d3 O-O 10. Be3 Be6 11. a3 Nd5 {A29: English Opening: Four Knights Variation with 4 g3.} 12. Bd2 Nb6 13. Ne4 f6 {Black has an edge.} 14. b4 axb4 15. axb4 Nd5 {[%cal Rd5b4]} 16. Nc5 Bc8 17. Qb3 Kh8 {[#]} 18. Nxe5 $1 {[%mdl 512]} Ndxb4 $2 (18... Nd4 $1 $14 19. Qxd5 Nxe2+ 20. Kh1 Qxd5 21. Bxd5 fxe5) (18... Nxe5 19. Bxd5) 19. Nxc6 $18 ({Much less strong is} 19. Bxb4 $6 Nxb4 20. Qxb4 fxe5) 19... Nxc6 20. Nxb7 Qd7 21. Qc4 Ne5 22. Qc2 {Threatens to win with Nc5.} Qg4 23. Bf4 Ng6 24. Be3 ({Less strong is} 24. Qxc7 Nxf4 25. Qxf4 (25. Qxe7 Bxb7 26. Qxb7 Nxe2+ 27. Kh1 Nc3 $16) 25... Qxf4 $16) 24... Be6 25. Nc5 Ra2 26. Rb2 Rxb2 27. Qxb2 Bc8 28. Bf3 Qh3 29. Bg2 $2 (29. Rc1 $18) 29... Qh5 $2 (29... Qg4 $1 $11) 30. Bf3 Qh3 $1 31. Ne4 Ne5 32. Bg2 Qh5 {intending ...Ng4.} 33. Bf4 Ng4 (33... Bg4 {keeps fighting.}) 34. h3 Ne5 35. Bxe5 Qxe5 36. Qxe5 fxe5 37. Rc1 Bd8 (37... Bd6 $142 38. Nxd6 cxd6) 38. h4 h6 39. Rc5 Re8 40. Nd2 Bg4 41. Kf1 g5 42. Bc6 Rf8 43. hxg5 ({Don't take} 43. Rxe5 $6 gxh4 44. gxh4 Bxh4 $16) 43... Bxg5 44. Ne4 Be3 45. Rxe5 Bf5 46. f4 Bh3+ 47. Ke1 Rb8 {[%cal Rb8b1]} 48. Re8+ Rxe8 49. Bxe8 {[%mdl 4096] Endgame KBB-KBN} Kg7 50. Nf2 Be6 51. Bh5 Bd7 52. Nd1 Bd4 53. e3 Bb6 54. Ke2 Ba4 55. Nc3 Bb3 56. Bf3 Ba5 57. Ne4 Bb4 58. Nd2 Ba2 59. Nc4 Bb3 60. Bc6 Bc3 61. e4 Bd4 62. Ne3 {And now Nf5+ would win.} Be6 63. Kf3 Bb6 64. e5 Bc5 65. Ke4 Ba2 66. Bd7 Kf7 67. Bb5 Bb1 68. Bc4+ Kg7 69. Nd5 c6 70. Ne3 Kg6 71. Be6 Bf8 72. Bd7 c5 73. Be8+ Kh7 74. f5 Be7 75. f6 Bd8 76. Nc4 (76. Nf5 $142 Kg8 77. Nxh6+ Kf8 78. Bb5) 76... Bc2 77. Nd6 Kg8 {[#]} 78. Nb7 $1 Bb6 {White mates.} 79. Bb5 Kf7 80. Kf5 c4 81. Bxc4+ Kf8 82. e6 Ba4 83. Nd6 {[%csl Gf6][%cal Re6e7]} Bd8 84. e7+ Bxe7 85. fxe7+ Kxe7 86. Ne4 h5 87. Kg5 {Accuracy: White = 86%, Black = 46%.} 1-0

[Event "32nd GER-ch Seniors-50 2020"]
[Site "Magdeburg"]
[Date "2020.08.22"]
[Round "9.6"]
[White "Kahe, Ralph"]
[Black "Schober, Ralf"]
[Result "1-0"]
[WhiteElo "2165"]
[BlackElo "2030"]
[Annotator "TA"]
[PlyCount "132"]
[EventDate "2020.08.14"]
[EventType "swiss"]
[EventCountry "GER"]
[SourceTitle "playchess.com"]
[Source "ChessBase"]
[SourceQuality "1"]

{[%evp 9,132,-4,19,-6,0,0,22,23,10,7,36,0,0,0,7,0,-6,-6,18,14,41,-91,-95,-95,41,41,40,39,39,34,48,41,57,57,57,55,56,48,49,49,49,52,58,40,44,8,68,49,50,46,62,54,67,63,82,59,65,65,95,82,90,66,103,66,58,66,56,66,47,48,66,48,82,68,61,20,17,23,23,9,47,0,0,0,0,0,0,0,0,0,0,0,0,0,77,77,368,283,249,159,1397,1164,1356,1225,591,243,273,78,309,214,201,201,2370,1687,29966,29966,29959,29958,29950,29952,29950,29952,29950,29953,1568]} 1. d4 e6 2. e4 d5 3. Nc3 h6 4. e5 c5 5. f4 cxd4 6. Nb5 {C10: French with 3 Nc3: Unusual Black 3rd moves and 3...dxe4.} Nc6 {[#]} 7. Nxd4 $146 ({Predecessor:} 7. Nf3 Bc5 8. Nbxd4 Nxd4 9. Nxd4 Qb6 10. Nb3 Bf2+ 11. Ke2 Bd7 12. a4 Bg1 13. Qe1 {½-½ (38) Shubin,K (2334)-Popov,V (2532) St Petersburg 2018}) 7... Nxd4 8. Qxd4 {The position is equal.} Ne7 9. Nf3 Bd7 10. Bd3 Nc6 $36 {[%mdl 2048] Black has good play.} 11. Qf2 Nb4 12. Be3 Nxd3+ 13. cxd3 Bb4+ 14. Ke2 O-O 15. Bc5 (15. Bxa7 $14 {stays ahead.} Qa5 16. a3 Rxa7 17. axb4 Qxa1 18. Rxa1 Rxa1 19. Ke3) 15... Bxc5 $17 16. Qxc5 Qc8 (16... Rc8 $17 17. Qb4 Rc2+ 18. Ke3 a5) 17. Rhc1 $14 Qxc5 18. Rxc5 Rfc8 19. Rac1 Kf8 20. Nd4 a6 21. Rc7 Ke8 22. Kd2 Rxc7 23. Rxc7 {[%mdl 4096] Endgame KRB-KRN} Rb8 24. g4 Kd8 25. Rc1 Rc8 26. Rg1 Ke7 27. f5 Rf8 (27... f6 $11) 28. Rc1 Rc8 29. Rf1 Rg8 30. h4 Bc8 31. Rc1 {And now Rc7+ would win.} Kd8 32. h5 Re8 33. Re1 Ke7 34. Rf1 Rg8 35. Kc3 Re8 36. f6+ gxf6 37. Rxf6 Rg8 $1 38. Rf4 Bd7 39. Kd2 Kf8 40. Ke3 Kg7 41. Rf2 (41. Rf6 {is more complex.} Rh8 42. Kf4 a5 43. g5 hxg5+ 44. Kxg5 Rg8 45. Nf3) 41... Rc8 42. Rc2 Rxc2 43. Nxc2 $11 {KB-KN} f6 44. Kf4 Bb5 45. Ne1 (45. Nd4 $5 {[%cal Rd4b5]}) 45... Kf7 46. b3 a5 47. a3 Ke7 48. b4 axb4 49. axb4 Kf7 50. d4 Be2 51. Nc2 fxe5+ (51... Bd3 $11 {remains equal.} 52. Ne1 Be2) 52. dxe5 $16 {White leaves nothing to chance now.} Bc4 $2 {[%mdl 8192]} (52... Bb5 $16 {keeps fighting.}) 53. Nd4 $18 Bd3 54. Ke3 Bb1 $2 (54... Bf1 $16 55. g5 hxg5) 55. Nb5 Ke7 56. Nd6 b6 57. Nb5 (57. Nc8+ $142 Ke8 58. Nxb6) 57... Bc2 58. Kd2 $2 (58. Kf4 $18 {has better winning chances.}) 58... Be4 $2 (58... Ba4 $16 59. Nc7 Bc6) 59. Nd4 Bg2 60. Ke3 Bf1 $2 {[#]} (60... Bh3) 61. g5 $1 {[%cal Rg5h6][%mdl 512]} hxg5 62. h6 {White mates.} Kf7 {[#]} 63. Nxe6 $1 {[%mdl 512]} Kg6 {[#]} (63... Kxe6 64. h7) 64. Nxg5 $1 {[%mdl 512]} Kxh6 (64... Kxg5 65. h7) 65. Ne6 Kg6 66. Kd4 Kf7 {Accuracy: White = 69%, Black = 60%.} 1-0

[Event "32nd GER-ch Seniors-50 2020"]
[Site "Magdeburg"]
[Date "2020.08.22"]
[Round "9.7"]
[White "Pitschka, Claus"]
[Black "Stahr, Ralf-Peter"]
[Result "1-0"]
[WhiteElo "2158"]
[BlackElo "2137"]
[Annotator "TA"]
[PlyCount "151"]
[EventDate "2020.08.14"]
[EventType "swiss"]
[EventCountry "GER"]
[SourceTitle "playchess.com"]
[Source "ChessBase"]
[SourceQuality "1"]

{[%evp 15,151,11,12,11,50,45,100,15,13,7,10,15,20,8,10,5,75,75,84,37,154,24,31,18,81,91,76,-2,0,0,83,94,88,95,176,171,177,132,248,237,233,223,391,369,356,250,249,218,365,239,248,256,252,252,240,253,711,292,268,164,354,140,117,107,94,87,125,132,126,130,129,91,134,105,131,115,243,243,221,225,224,214,241,215,272,254,237,243,345,47,215,34,83,0,0,0,0,0,0,0,493,53,127,261,1198,1001,12838,12839,12839,12839,12840,12840,12841,12838,2002,0,0,0,0,0,12840,12841,12841,12841,12842,12842,12844,12843,12845,12846,12846,12847,12850,12850,12851,29986,12851,29991]} 1. d4 d5 2. c4 e6 3. cxd5 exd5 4. Nc3 Nf6 5. Bg5 Be7 6. e3 Nbd7 7. Bd3 c6 8. Nge2 h6 {Recently 8...Nf8 got a lot of attention.} 9. Bh4 {D35: Queen's Gambit Declined: Exchange Variation.} Ne4 {...Nxc3 is the strong threat.} 10. Bxe7 Qxe7 (10... Nxc3 $14 11. Bxd8 (11. Nxc3 Qxe7 12. O-O Nf6 $11) 11... Nxd1 12. Rxd1 Kxd8) 11. O-O (11. Bxe4 $1 $16 {Strongly threatening Bd3.} dxe4 12. Ng3) 11... O-O $11 12. Qc2 {[%cal Rd3e4]} Ndf6 13. Rae1 Bd7 14. Nf4 Rfe8 {[#]} 15. Nd1 $146 ({Predecessor:} 15. f3 Nxc3 16. bxc3 c5 17. Qd2 Qd6 18. Bb1 Bb5 19. Rf2 Rad8 20. Nd3 Nd7 21. Qc2 g6 {1-0 (71) Gardner,R (2173)-Laceste,L (2290) Edmonton 2016}) 15... g5 (15... Rad8 $11) 16. Ne2 $1 $16 c5 17. dxc5 Rac8 (17... Nxc5 $14 18. Nd4 Rac8) 18. Ndc3 ({White must play} 18. b4 $16) 18... Qxc5 19. Rd1 Nxf2 (19... Bg4 $11) 20. Rxf2 Ng4 21. Bh7+ (21. Qd2 $16) 21... Kh8 22. Rd4 Nxf2 (22... Rxe3 $11 {keeps the balance.} 23. Rxf7 Rxe2 24. Nxe2 Qd6) 23. Kxf2 Qe7 24. Qd3 Bc6 (24... Qf6+ $16 25. Kg1 Be6) 25. Bf5 $18 Rcd8 26. h4 Qe5 (26... Qf6 $16 {keeps fighting.}) 27. hxg5 hxg5 28. Rg4 {[%cal Bd4g4,Bg4g3,Bg3h3][%mdl 32]} f6 $2 (28... Qf6 29. Rg3 Re4) 29. Rg3 Kg7 30. Rh3 Rh8 31. Nd4 {Threatens to win with Ne6+.} Bd7 (31... Rxh3 {might work better.} 32. Ne6+ (32. Bxh3 Re8 $18) 32... Kh8 33. Bxh3 Re8) 32. Rxh8 Kxh8 33. Bxd7 Rxd7 34. Qb5 Re7 35. Nxd5 a6 $2 (35... Rf7 36. Qc4 a6) 36. Qc5 (36. Nxe7 $142 {White wants to mate with Qe8+.} Qxe7 37. Qd5) 36... Re8 {intending ...Rd8.} 37. b4 f5 $2 {[#]} (37... Rd8 {is a better defense.}) 38. Ne2 $2 (38. Nf3 $1 $18 Qb2+ 39. Kg3) 38... f4 $16 39. Qc3 {[%cal Re3f4]} fxe3+ 40. Nxe3 Kg7 41. Qxe5+ Rxe5 42. Nc3 Kg6 43. g4 Re7 44. Ke2 Rd7 45. Ncd5 Rh7 (45... Kf7 $16) 46. a4 $18 Kf7 47. Kd3 Ke6 48. Kd4 Kd6 49. Nf6 Rh1 50. Ne4+ Kc6 51. Nxg5 Ra1 (51... Rb1 $142 52. Kc3 Rc1+ 53. Kd3 Rb1) 52. a5 $2 (52. Ne4 $18) 52... Kb5 $2 (52... b6 $1 $14) 53. Ne4 $2 ({White should play} 53. Nf3 $18) 53... Rg1 $14 54. Nd2 (54. Kc3 $16) 54... Kxb4 $11 55. Ndc4 Kb5 56. Kd5 Rg3 57. Kd4 Rf3 $2 {[%mdl 8192]} (57... Rg1 $11) 58. Ke4 $2 (58. Ke5 $1 $18) 58... Rf8 $1 $14 59. g5 Kc5 $2 (59... Rg8 60. Kf5 b6 61. axb6 a5) 60. Ke5 $18 b5 61. axb6 a5 62. g6 a4 63. g7 Rb8 64. Kf6 a3 65. Kf7 $2 ({Worse is} 65. Nxa3 Rxb6+ 66. Kg5 Rb8 $11) (65. Ne5 $1 $18 {[%cal Re5d7]} Rg8 66. b7) 65... a2 $11 {Hoping for ...Rb7+.} 66. Nc2 Rb7+ 67. Kg6 Rb8 $2 {[%mdl 8192] [#]} (67... Rxg7+ $11 68. Kxg7 Kxc4) 68. Ne5 $1 $18 {[%cal Re5d7] Nd7+ would kill now.} Kd6 69. Kf6 Rc8 70. b7 Rb8 71. Nc4+ Kc6 {[#]} 72. Na5+ $1 Kb6 73. Kf7 Kxa5 74. g8=Q Rxb7+ 75. Kf6 Rb2 76. Qa8+ {Accuracy: White = 56%, Black = 44%.} 1-0

[Event "32nd GER-ch Seniors-50 2020"]
[Site "Magdeburg"]
[Date "2020.08.22"]
[Round "9.8"]
[White "Wenner, Tobias"]
[Black "Gebhardt, Ulrich"]
[Result "1/2-1/2"]
[WhiteElo "2119"]
[BlackElo "2059"]
[Annotator "TA"]
[PlyCount "129"]
[EventDate "2020.08.14"]
[EventType "swiss"]
[EventCountry "GER"]
[SourceTitle "playchess.com"]
[Source "ChessBase"]
[SourceQuality "1"]

{[%evp 14,129,32,20,31,0,1,-2,13,0,0,0,13,0,0,0,-4,-14,-11,-5,-9,-12,-4,-12,1,-14,-15,-10,-10,-15,-7,-25,0,-33,-30,-29,0,-64,0,-27,6,0,0,0,4,0,0,-56,-52,-45,0,0,0,0,0,-94,-95,-110,-110,-137,-136,-175,-156,-156,-154,-191,-200,-198,0,-132,0,-203,-196,-197,-149,-235,-227,-230,-221,-283,-279,-355,-373,-333,-309,-364,-169,-169,-166,-151,-93,-88,-91,-89,-85,-99,-97,-94,-91,-160,-161,-159,-90,-139,0,0,0,0,0,0,0,0,0,0,0,0,0,0]} 1. Nf3 Nf6 2. c4 e6 3. g3 d5 4. Bg2 dxc4 5. Qa4+ Nbd7 6. Qxc4 c5 7. O-O a6 8. Qb3 Rb8 {A13: English Opening: 1...e6.} 9. d3 Bd6 10. a4 b6 11. Na3 O-O 12. Nc4 Bc7 13. Bd2 Bb7 14. Rfd1 Qe7 {[#]} 15. Ne3 $146 ({Predecessor:} 15. e4 Rfc8 16. Bc3 Ba8 17. Nfe5 Nf8 18. Nf3 b5 19. axb5 axb5 20. Nce5 Bd6 21. Rxa8 Rxa8 22. Qxb5 Bxe5 23. Nxe5 {0-1 (32) Neckar,L (2261)-Vrana,J (2363) Czech Republic 2020}) 15... Rfd8 16. Bc3 Nd5 17. Nxd5 Bxd5 18. Qc2 Rbc8 19. e4 Bb7 20. d4 cxd4 21. Nxd4 Bd6 22. Qe2 Bb4 23. Be1 Bxe1 24. Qxe1 Nc5 25. Qb4 (25. b4 $11 Rxd4 26. Rxd4) 25... e5 (25... Qc7 $15) 26. Nf5 Qe6 27. Rxd8+ Rxd8 28. a5 g6 $36 {[%mdl 2048] White is under pressure.} 29. Ne3 Nb3 30. Ra3 (30. Bh3 $11 Qxh3 31. Qxb3) 30... Nxa5 $15 31. Nd5 $1 {aiming for Rxa5.} ({Avoid the trap} 31. Rxa5 $2 Rd4 $19) 31... Bxd5 (31... Qd6 {seems wilder.} 32. Qxb6 Qxb6 33. Nxb6 Rd1+ 34. Bf1 Bxe4 35. f3 Bb1) 32. exd5 Qd6 33. Qxd6 Rxd6 $11 {[%mdl 4096] Endgame KRB-KRN} 34. Rc3 (34. b4 $11 {remains equal.} Nc4 35. Rxa6) 34... b5 $1 $17 35. Rc8+ Kg7 36. b4 Nc4 37. Rc6 Kf8 38. Rc8+ Ke7 $1 39. Rc7+ Rd7 40. Rc6 Rd6 (40... Ra7 $1 $19 41. Bf1 Nd6) 41. Rc7+ $1 Rd7 (41... Ke8 $17 42. Rc8+ Ke7 43. Rc7+) 42. Rc6 $19 {[#]} Ra7 $1 43. Bf1 Nd2 44. Be2 (44. Bh3 $17 f5 45. Kg2) 44... Nb3 {White must now prevent ...Nd4.} 45. Rb6 Nd4 46. Bd3 {[#]} f5 $1 47. g4 e4 ({Don't play} 47... fxg4 48. Kh1 $19) 48. Bf1 f4 ({Not} 48... fxg4 49. Kg2 $17) 49. g5 Nf3+ (49... Rd7 $142 50. Rxa6 Rxd5 51. Ra7+ Kd6 52. Ra6+ Nc6) 50. Kh1 Nxg5 51. h4 Nf7 (51... Nf3 $142 52. d6+ Kf7) 52. Re6+ $17 Kf8 53. Rxe4 Rd7 54. Rxf4 Rxd5 55. Bh3 {Hoping for Be6.} Ke7 56. Kg2 (56. Re4+ $142 Re5 57. Rd4) 56... Nd6 57. Bg4 Nf5 (57... h5 $142 58. Bf3 Rd3) 58. Bf3 Rd4 ({Black should try} 58... Re5 $17 59. h5 g5) 59. Rxd4 $11 {The position is equal.} Nxd4 {KB-KN} 60. Bb7 Kd6 {Threatens to win with ...Nc2.} 61. Bxa6 Kc6 62. h5 gxh5 63. Bc8 Kd5 {Strongly threatening ...Kc4.} 64. Kg3 Kc4 65. Kh4 {Black had all chances to win. Accuracy: White = 68%, Black = 78%.} 1/2-1/2